Statistics for Mal's 20 Greatest Ever Soccer, Football Players

Click here to take the quiz!

General Stats

  • This quiz has been taken 975 times
    (654 since last reset)
  • The average score is 11 of 20

Answer Stats

HintAnswer% Correct
PortugalCristiano Ronaldo
97%
ArgentinaLionel Messi
95%
BrazilPele
89%
SwedenZlatan Ibrahimovic
72%
HungaryFerenc Puskas
69%
Northern IrelandGeorge Best
68%
NetherlandsJohan Cruyff
67%
PortugalEusebio
62%
RussiaLev Yashin
57%
GermanyGerd Muller
56%
BrazilRonaldinho
55%
SpainXavi Hernandez
51%
NetherlandsRuud Gullit
43%
FranceMichel Platini
38%
EnglandRobert Charlton
37%
ArgentinaAlfredo Di Stefano
31%
ItalyRoberto Baggio
30%
GermanyLothar Matthaus
26%
HungarySandor Kocsis
10%
EnglandStanley Matthews
6%

Score Distribution

Percentile by Number Answered

Percent of People with Each Score

Your Score History

You have not taken this quiz since the last reset